| 000 | 00495nam a22001817a 4500 | ||
|---|---|---|---|
| 005 | 20230401152101.0 | ||
| 008 | 230401b |||||||| |||| 00| 0 eng d | ||
| 020 | _a978-1-138-56946-1 | ||
| 041 | _aeng | ||
| 082 | _a615.19 LIE-P | ||
| 100 |
_aLIEBERMAN ,HERBERT A., RIEGER, MARTIN M AND OTHERS _97623 |
||
| 245 | _aPHARMACEUTICAL DOSAGE FORM : DISPERSE SYSTEM VOL -3 | ||
| 250 | _a2nd ed. | ||
| 260 |
_bCBS _c2022 |
||
| 300 | _a559;P. | ||
| 650 |
_aPHARMACY _xB. PHARMA _97624 |
||
| 942 | _cBK | ||
| 999 |
_c8280 _d8278 |
||